[Event "Liguria Region-ch"]
[White "Pedemonte, Claudio"]
[Black "Brun, Dario"]
[Site "Spotorno"]
[Round "1"]
[Result "0-1"]
[Date "2016.05.13"]
[WhiteElo "1756"]
[BlackElo "2270"]
[PlyCount "39"]
[EventDate "2016.05.13"]
[EventType "swiss"]
[EventRounds "5"]
[EventCountry "ITA"]
[SourceTitle "EXT 2018"]
[Source "ChessBase"]
[SourceDate "2017.10.13"]
[SourceVersion "1"]
[SourceVersionDate "2017.10.13"]
[SourceQuality "1"]

1. c4 Nf6 2. Nc3 e5 3. g3 d5 4. cxd5 Nxd5 5. Bg2 Nb6 6. Nf3 Nc6 7. 0-0 Be7 8. d3 0-0 9. Be3 f5 10. Rc1 Be6 11. b3 g5 12. Qc2 f4 13. Bxb6 cxb6 14. Ne4 g4 15. Nfd2 Na5 16. Qd1 f3 17. exf3 gxf3 18. Nxf3 Bg4 19. Ned2 Qxd3 20. h3 0-1

[Event "Crespi d'Adda Cup"]
[White "Brun, Dario"]
[Black "Crippa, Mario"]
[Site "Capriate San Gervasio"]
[Round "4"]
[Result "1-0"]
[Date "2015.05.31"]
[WhiteElo "2304"]
[BlackElo "1807"]
[PlyCount "45"]
[EventDate "2015.05.29"]
[EventType "swiss"]
[EventRounds "5"]
[EventCountry "ITA"]
[SourceTitle "EXT 2017"]
[Source "ChessBase"]
[SourceDate "2016.10.25"]
[SourceVersion "1"]
[SourceVersionDate "2016.10.25"]
[SourceQuality "1"]

1. d4 Nf6 2. c4 c5 3. d5 e6 4. Nc3 exd5 5. cxd5 d6 6. e4 a6 7. f4 Qc7 8. Nf3 Bg4 9. Qa4+ Nfd7 10. Be2 Bxf3 11. Bxf3 g6 12. 0-0 Bg7 13. e5 dxe5 14. d6 Qd8 15. Nd5 0-0 16. f5 Nc6 17. fxg6 hxg6 18. Qg4 Rb8 19. Bg5 Nf6 20. Qh4 Qxd6 21. Bxf6 Bxf6 22. Nxf6+ Kg7 23. Bxc6 1-0

[Event "Crespi d'Adda Cup"]
[White "Andolfatto, Maria"]
[Black "Brun, Dario"]
[Site "Capriate San Gervasio"]
[Round "1"]
[Result "0-1"]
[Date "2015.05.29"]
[WhiteElo "1778"]
[BlackElo "2304"]
[PlyCount "66"]
[EventDate "2015.05.29"]
[EventType "swiss"]
[EventRounds "5"]
[EventCountry "ITA"]
[SourceTitle "EXT 2017"]
[Source "ChessBase"]
[SourceDate "2016.10.25"]
[SourceVersion "1"]
[SourceVersionDate "2016.10.25"]
[SourceQuality "1"]

1. Nf3 d5 2. b3 Nf6 3. Bb2 Bf5 4. e3 e6 5. c4 c6 6. Nc3 Nbd7 7. Be2 Bd6 8. 0-0 0-0 9. d3 Qe7 10. Rc1 Rfd8 11. cxd5 exd5 12. Qd2 Ne5 13. Rfe1 Nfg4 14. h3 Nxf3+ 15. Bxf3 Ne5 16. e4 Nxf3+ 17. gxf3 Bxh3 18. Ne2 Qh4 19. e5 Bb4 20. Bc3 Bxc3 21. Rxc3 Re8 22. d4 Re6 23. f4 Rh6 24. Ng3 Bg4 25. Qe3 Re8 26. Rec1 Ree6 27. Kf1 Qh3+ 28. Ke1 Qg2 29. f5 Re8 30. R3c2 Rh2 31. Qf4 Bf3 32. a3 Qg1+ 33. Nf1 Qxf1+ 0-1

[Event "Padova Del Santo op 1st"]
[White "Brun, Dario"]
[Black "Zamengo, Fulvio"]
[Site "Padova"]
[Round "3"]
[Result "0-1"]
[Date "2014.02.15"]
[WhiteElo "2262"]
[BlackElo "2149"]
[PlyCount "94"]
[EventDate "2014.02.14"]
[EventType "swiss"]
[EventRounds "5"]
[EventCountry "ITA"]
[SourceTitle "EXT 2022"]
[Source "ChessBase"]
[SourceDate "2021.10.06"]
[SourceVersion "1"]
[SourceVersionDate "2021.10.06"]
[SourceQuality "1"]

1. d4 Nf6 2. c4 c5 3. d5 b5 4. cxb5 a6 5. f3 Bb7 6. e4 e6 7. Nc3 exd5 8. exd5 Bd6 9. bxa6 Nxa6 10. Bc4 0-0 11. Nge2 Nh5 12. g3 f5 13. 0-0 Nc7 14. Qb3 Rb8 15. Qb6 Qf6 16. Bg5 Qg6 17. Be7 Bxe7 18. Qxc7 Bd6 19. Qxd7 Bc8 20. Qc6 Rb4 21. Nb5 Rxb5 22. Bxb5 f4 23. Bd3 Qxd3 24. Qxd6 Qxe2 25. g4 Qxb2 26. Qxc5 Nf6 27. d6 Ba6 28. Rfe1 Qb7 29. Qa3 Qb6+ 30. Kh1 Bb7 31. Rab1 Qc6 32. Qb3+ Rf7 33. Rf1 Qxd6 34. Rbd1 Bd5 35. Qc3 Rc7 36. Qd4 Rc4 37. Qxc4 Bxc4 38. Rxd6 Bxf1 39. a4 Kf7 40. a5 Ke7 41. a6 Be2 42. Kg2 Nxg4 43. fxg4 Kxd6 44. a7 Bc4 45. a8Q Bd5+ 46. Qxd5+ Kxd5 47. Kf3 g5 0-1

[Event "Padova Del Santo op 1st"]
[White "Innocenti, Giovanni"]
[Black "Brun, Dario"]
[Site "Padova"]
[Round "4"]
[Result "0-1"]
[Date "2014.02.15"]
[WhiteElo "2083"]
[BlackElo "2262"]
[PlyCount "128"]
[EventDate "2014.02.14"]
[EventType "swiss"]
[EventRounds "5"]
[EventCountry "ITA"]
[SourceTitle "EXT 2022"]
[Source "ChessBase"]
[SourceDate "2021.10.06"]
[SourceVersion "1"]
[SourceVersionDate "2021.10.06"]
[SourceQuality "1"]

1. e4 e6 2. d4 d5 3. Nd2 c5 4. exd5 Qxd5 5. Ngf3 cxd4 6. Bc4 Qd6 7. 0-0 Nf6 8. Nb3 Nc6 9. Nbxd4 Nxd4 10. Nxd4 a6 11. c3 Qc7 12. Qe2 Bd6 13. h3 0-0 14. Bg5 Ne4 15. Bh4 Nc5 16. b4 Nd7 17. Bxe6 fxe6 18. Nxe6 Qxc3 19. Nxf8 Nxf8 20. Rac1 Qxb4 21. Rc4 Qb5 22. a4 Qb6 23. Be7 Be6 24. Bxd6 Qxd6 25. Re4 Bd5 26. Rg4 Qe6 27. Qb2 Ng6 28. Rc1 Rf8 29. Rc7 Rf7 30. Rxf7 Qxf7 31. a5 Bc6 32. Rd4 h6 33. Qd2 Qf5 34. Rd8+ Kh7 35. Qa2 Ne7 36. Rd4 Nd5 37. Rg4 Nc3 38. Qa1 Qb1+ 39. Qxb1+ Nxb1 40. Rb4 Nc3 41. f4 Nd5 42. Rd4 Kg6 43. g4 Kf6 44. Kf2 g5 45. fxg5+ hxg5 46. Kg3 Nc3 47. Rd6+ Ke5 48. Rg6 Ne4+ 49. Kf3 Kd4 50. Rh6 Nc5+ 51. Ke2 Kc4 52. Rg6 Bg2 53. Rxg5 Bxh3 54. Rg7 Bg2 55. g5 Nb3 56. g6 Bd5 57. Rc7+ Kb4 58. g7 Nxa5 59. Rc8 Nc6 60. g8Q Bxg8 61. Rxg8 b5 62. Kd2 Ne5 63. Rg3 a5 64. Rg5 Nf3+ 0-1

[Event "Padova Del Santo op 1st"]
[White "Brun, Dario"]
[Black "Barp, Alberto"]
[Site "Padova"]
[Round "1"]
[Result "1-0"]
[Date "2014.02.14"]
[WhiteElo "2262"]
[BlackElo "2005"]
[PlyCount "59"]
[EventDate "2014.02.14"]
[EventType "swiss"]
[EventRounds "5"]
[EventCountry "ITA"]
[SourceTitle "EXT 2022"]
[Source "ChessBase"]
[SourceDate "2021.10.06"]
[SourceVersion "1"]
[SourceVersionDate "2021.10.06"]
[SourceQuality "1"]

1. d4 d5 2. c4 c6 3. Nf3 Nf6 4. Nc3 a6 5. a4 e6 6. Bg5 Be7 7. e3 0-0 8. Bd3 b6 9. 0-0 Bb7 10. Qb3 Nbd7 11. c5 b5 12. Rfc1 Re8 13. h3 e5 14. Nxe5 Nxe5 15. dxe5 Nd7 16. Bxe7 Qxe7 17. Qc2 h6 18. axb5 axb5 19. Rxa8 Bxa8 20. Ne2 Nxe5 21. Nd4 Nc4 22. Nf5 Qa7 23. b3 Ne5 24. Qc3 b4 25. Qd4 Qa3 26. Ra1 Qxb3 27. Ne7+ Kf8 28. Qxe5 Qxd3 29. Qd6 b3 30. Nxd5+ 1-0

[Event "Cipressina op-A 2nd"]
[White "Brun, Dario"]
[Black "Boscolo, Marco"]
[Site "Venice"]
[Round "2"]
[Result "1/2-1/2"]
[Date "2013.11.30"]
[WhiteElo "2241"]
[BlackElo "2125"]
[PlyCount "96"]
[EventDate "2013.11.29"]
[EventType "swiss"]
[EventRounds "5"]
[EventCountry "ITA"]
[SourceTitle "EXT 2015"]
[Source "ChessBase"]
[SourceDate "2014.11.20"]
[SourceVersion "1"]
[SourceVersionDate "2014.11.20"]
[SourceQuality "1"]

1. d4 d5 2. c4 Nc6 3. Nc3 e5 4. cxd5 Nxd4 5. e3 Nf5 6. Nf3 Bd6 7. Bd3 Nf6 8. 0-0 0-0 9. Qc2 Ne7 10. e4 Ng6 11. Nb5 a6 12. Nxd6 cxd6 13. Be3 Bd7 14. Rfc1 Rc8 15. Qb3 b5 16. Qa3 Qe7 17. Rxc8 Bxc8 18. Rc1 Bb7 19. Bb6 Rc8 20. Rxc8+ Bxc8 21. Qc3 Bb7 22. Nd2 Nd7 23. Be3 Nc5 24. Bf1 Nf8 25. b4 Na4 26. Qc2 f5 27. f3 f4 28. Bf2 Qd8 29. Nb3 Qc8 30. Bd3 Kf7 31. Na5 Ke8 32. Qxc8+ Bxc8 33. Bc2 Nc3 34. Kf1 Kd7 35. Be1 Na4 36. Bxa4 bxa4 37. Nc4 Kc7 38. Bf2 Bd7 39. Nxd6 Kxd6 40. Bc5+ Kc7 41. Bxf8 Bb5+ 42. Ke1 g5 43. a3 g4 44. Kf2 gxf3 45. Kxf3 Bd3 46. Bc5 Bc2 47. Be7 Bd1+ 48. Kf2 Bc2 1/2-1/2

[Event "Bratto op-B 32nd"]
[White "Sala, Giovanni"]
[Black "Brun, Dario"]
[Site "Bratto"]
[Round "1"]
[Result "1/2-1/2"]
[Date "2012.08.18"]
[WhiteElo "2022"]
[BlackElo "2262"]
[PlyCount "91"]
[EventDate "2012.08.18"]
[EventType "swiss"]
[EventRounds "9"]
[EventCountry "ITA"]
[SourceTitle "EXT 2014"]
[Source "ChessBase"]
[SourceDate "2013.11.20"]
[SourceVersion "1"]
[SourceVersionDate "2013.11.20"]
[SourceQuality "1"]

1. c4 e5 2. g3 Nf6 3. Bg2 d5 4. cxd5 Nxd5 5. Nc3 Nb6 6. Nf3 Nc6 7. 0-0 Be7 8. a3 0-0 9. b4 Be6 10. Rb1 f6 11. d3 a5 12. b5 Nd4 13. Nd2 Bd5 14. Nxd5 Nxd5 15. Bxd5+ Qxd5 16. a4 Rfd8 17. Bb2 Ne6 18. Qb3 Bb4 19. Qxd5 Rxd5 20. Nb3 Rad8 21. Rfc1 R8d7 22. Rc4 Kf7 23. Rbc1 Ke8 24. Kg2 Kd8 25. h4 h5 26. Bc3 Bxc3 27. R1xc3 Nd4 28. Nxa5 Nxe2 29. Nxb7+ Kc8 30. Nc5 Nxc3 31. Nxd7 Nxa4 32. Nxf6 gxf6 33. Rxa4 Rxb5 34. Kf3 Kd7 35. Ra6 Rb6 36. Ra8 Rb3 37. Ke4 Ke6 38. Re8+ Kf7 39. Rh8 Ke6 40. Re8+ Kf7 41. Rh8 Rb2 42. Ke3 Kg6 43. Rg8+ Kh7 44. Re8 c5 45. Re6 Kg6 46. Re8 1/2-1/2

[Event "Condino op 12th"]
[White "Brun, Dario"]
[Black "Simoncini, Francesco"]
[Site "Condino"]
[Round "7"]
[Result "1-0"]
[Date "2012.07.28"]
[WhiteElo "2262"]
[BlackElo "1839"]
[PlyCount "65"]
[EventDate "2012.07.22"]
[EventType "swiss"]
[EventRounds "7"]
[EventCountry "ITA"]
[SourceTitle "CBM 149 Extra"]
[Source "ChessBase"]
[SourceDate "2012.08.24"]
[SourceVersion "1"]
[SourceVersionDate "2012.08.24"]
[SourceQuality "1"]

1. d4 d6 2. Nf3 Nd7 3. c4 e5 4. Nc3 g6 5. e4 Bg7 6. Be2 f5 7. exf5 Ngf6 8. Ng5 exd4 9. Ne6 Qe7 10. Nb5 Nc5 11. Nbxc7+ Kf7 12. Nxa8 d3 13. Bxd3 gxf5 14. Nac7 Bxe6 15. Nxe6 Qxe6+ 16. Be2 Re8 17. Be3 f4 18. Bxf4 Qf5 19. Be3 Rxe3 20. fxe3 Nce4 21. Bf3 Bh6 22. 0-0 Bxe3+ 23. Kh1 Nf2+ 24. Rxf2 Bxf2 25. Qxd6 Bb6 26. Rf1 Kg7 27. Qe7+ Kh6 28. Qf8+ Kg5 29. h4+ Kxh4 30. Qh6+ Nh5 31. Qxh5+ Qxh5 32. Bxh5 Kxh5 33. Rf7 1-0

[Event "Bratto op 31st"]
[White "Brun, Dario"]
[Black "Marguerettaz, Davy"]
[Site "Bratto"]
[Round "5"]
[Result "1/2-1/2"]
[Date "2011.08.24"]
[WhiteElo "2265"]
[BlackElo "2160"]
[PlyCount "112"]
[EventDate "2011.08.20"]
[EventType "swiss"]
[EventRounds "9"]
[EventCountry "ITA"]
[SourceTitle "EXT 2022"]
[Source "ChessBase"]
[SourceDate "2021.10.06"]
[SourceVersion "1"]
[SourceVersionDate "2021.10.06"]
[SourceQuality "1"]

1. d4 d5 2. c4 c6 3. Nf3 Nf6 4. Nc3 e6 5. Bg5 dxc4 6. e4 b5 7. e5 h6 8. Bh4 g5 9. Nxg5 hxg5 10. Bxg5 Nbd7 11. exf6 Bb7 12. g3 c5 13. d5 Qb6 14. Bg2 0-0-0 15. 0-0 b4 16. Rb1 Qa6 17. dxe6 Bxg2 18. e7 Bxf1 19. Kxf1 Qc6 20. exd8Q+ Kxd8 21. Qd5 Qxd5 22. Nxd5 Rxh2 23. Kg1 Rh5 24. f4 Nb6 25. Ne3 b3 26. Kg2 a5 27. Rc1 Kc7 28. a3 Kc6 29. Nxc4 Nxc4 30. Rxc4 Kb5 31. Re4 c4 32. g4 Rh7 33. a4+ Kxa4 34. Rxc4+ Kb5 35. Rc8 Bc5 36. Rd8 a4 37. f5 Kc4 38. Bc1 Rh4 39. g5 Rg4+ 40. Kf3 Rg1 41. g6 a3 42. Ra8 fxg6 43. Ke2 Rg2+ 44. Ke1 Rg5 45. bxa3 Rxf5 46. Bb2 Kd3 47. Rd8+ Kc2 48. Rd2+ Kb1 49. Rg2 Rh5 50. Bc3 Bxa3 51. Rxg6 Rh3 52. Bd4 Rh4 53. Bc3 Kc2 54. Rg3 b2 55. Bxb2 Kxb2 56. Rf3 Rh8 1/2-1/2

[Event "Condino op 11th"]
[White "Rotstein, Arkadij"]
[Black "Brun, Dario"]
[Site "Condino"]
[Round "5"]
[Result "1/2-1/2"]
[Date "2011.07.27"]
[WhiteElo "2529"]
[BlackElo "2265"]
[PlyCount "116"]
[EventDate "2011.07.25"]
[EventType "swiss"]
[EventRounds "7"]
[EventCountry "ITA"]
[SourceTitle "EXT 2012"]
[Source "ChessBase"]
[SourceDate "2011.11.24"]
[SourceVersion "1"]
[SourceVersionDate "2011.11.24"]
[SourceQuality "1"]

1. Nf3 d5 2. g3 c5 3. Bg2 Nc6 4. d4 Nf6 5. 0-0 e6 6. c4 dxc4 7. dxc5 Qxd1 8. Rxd1 Bxc5 9. Nbd2 c3 10. bxc3 Nd5 11. Bb2 0-0 12. Rab1 Rd8 13. Ne4 Be7 14. c4 Nb6 15. Rxd8+ Nxd8 16. c5 Nc4 17. Ne5 Nxb2 18. Rxb2 f6 19. Nd3 Bd7 20. Nd6 Bxd6 21. cxd6 Rc8 22. Bxb7 Rb8 23. Ba6 Rxb2 24. Nxb2 Nf7 25. Nc4 Kf8 26. f4 Bc6 27. Na5 Bd5 28. d7 Ke7 29. Bb5 Kd8 30. Nc6+ Kxd7 31. Nxa7+ Kc7 32. Bd3 Bxa2 33. Nb5+ Kd7 34. Nc3 Bb3 35. Bxh7 Ke7 36. Bd3 e5 37. Kf2 exf4 38. gxf4 Nd6 39. Ke3 Ke6 40. Kd4 Nf5+ 41. Kc5 Ne3 42. Nb5 Ke7 43. Nd4 Be6 44. Nc6+ Kd7 45. Bb5 Kc7 46. Nd4 Bc8 47. Bc6 Bg4 48. Nb5+ Kd8 49. Nc3 g5 50. Bf3 Bh3 51. Ne4 g4 52. Bh1 Nf1 53. Nxf6 Nxh2 54. Kd6 Nf1 55. e4 g3 56. e5 Ne3 57. Nd5 g2 58. Bxg2 Nxg2 1/2-1/2

[Event "Bratto op 30th"]
[White "Di Paolo, Raffaele"]
[Black "Brun, Dario"]
[Site "Bratto"]
[Round "3"]
[Result "1/2-1/2"]
[Date "2010.08.22"]
[WhiteElo "2350"]
[BlackElo "2264"]
[PlyCount "165"]
[EventDate "2010.08.20"]
[EventType "swiss"]
[EventRounds "9"]
[EventCountry "ITA"]
[SourceTitle "CBM 138 Extra"]
[Source "ChessBase"]
[SourceDate "2010.10.29"]
[SourceVersion "1"]
[SourceVersionDate "2010.10.29"]
[SourceQuality "1"]

1. e4 e5 2. Nf3 Nc6 3. Bb5 f5 4. Nc3 fxe4 5. Nxe4 Nf6 6. Qe2 d5 7. Nxf6+ gxf6 8. d4 Bg7 9. dxe5 0-0 10. Bxc6 bxc6 11. e6 Re8 12. 0-0 Rxe6 13. Qd3 Qd6 14. Rd1 Re4 15. Qxe4 dxe4 16. Rxd6 cxd6 17. Nd4 Bd7 18. Bf4 f5 19. c3 Bxd4 20. cxd4 Rb8 21. b3 Rb4 22. Rd1 d5 23. Bd6 Rb5 24. Rc1 Be8 25. Kf1 Kf7 26. Ke2 Ke6 27. Bf4 Rb4 28. Be5 a5 29. Rc3 a4 30. Ke3 axb3 31. axb3 Rb6 32. Kf4 Ra6 33. Rc2 Ra3 34. Rb2 Ra1 35. Bc7 Rh1 36. h3 Rd1 37. Bb6 Rd3 38. b4 Ra3 39. Bc5 Ra8 40. Kg5 h5 41. Rc2 Ra1 42. Kf4 Ra8 43. Bb6 Rb8 44. Ba5 Bd7 45. Rc3 Rg8 46. g3 Rc8 47. Ra3 Ra8 48. Kg5 Be8 49. Ra1 Ra7 50. Kf4 Ra8 51. Rh1 Bd7 52. Kg5 Be8 53. g4 fxg4 54. hxg4 hxg4 55. Rh6+ Kf7 56. Bc7 Ke7 57. Bd6+ Kd7 58. Bg3 Kc8 59. Rh7 Bd7 60. Kf6 Ra3 61. Rh8+ Kb7 62. Rb8+ Ka7 63. Rd8 Rf3+ 64. Ke7 Bf5 65. Rf8 Ka6 66. Kd6 Kb5 67. Ke5 e3 68. fxe3 Rxg3 69. Rb8+ Kc4 70. Kxf5 Rxe3 71. Kxg4 Re4+ 72. Kf3 Rxd4 73. Rb6 Re4 74. Rxc6+ Kxb4 75. Rc1 Re5 76. Kf4 Re8 77. Rd1 Kc5 78. Rc1+ Kd6 79. Rd1 Re4+ 80. Kf3 Ke5 81. Rd2 Kd6 82. Re2 Rxe2 83. Kxe2 1/2-1/2

[Event "Arvier op"]
[White "Brun, Dario"]
[Black "Fossati, Remigio"]
[Site "Arvier"]
[Round "8"]
[Result "1/2-1/2"]
[Date "2010.07.08"]
[WhiteElo "2264"]
[BlackElo "2201"]
[PlyCount "77"]
[EventDate "2010.07.03"]
[EventType "swiss"]
[EventRounds "9"]
[EventCountry "ITA"]
[SourceTitle "CBM 137 Extra"]
[Source "ChessBase"]
[SourceDate "2010.09.01"]
[SourceVersion "1"]
[SourceVersionDate "2010.09.01"]
[SourceQuality "1"]

1. d4 d5 2. c4 e6 3. Nc3 c6 4. Nf3 Nf6 5. Bg5 dxc4 6. e4 b5 7. e5 h6 8. Bh4 g5 9. Nxg5 hxg5 10. Bxg5 Nbd7 11. exf6 Bb7 12. g3 c5 13. d5 Qb6 14. Bg2 0-0-0 15. 0-0 Bh6 16. Bxh6 Rxh6 17. dxe6 fxe6 18. Qe2 Bxg2 19. Kxg2 Nxf6 20. Rfe1 Nd5 21. Rad1 Rdh8 22. Rh1 Nxc3 23. bxc3 Qc6+ 24. f3 Rf6 25. Qe4 Qxe4 26. fxe4 Rhf8 27. Rhf1 Rxf1 28. Rxf1 Rxf1 29. Kxf1 b4 30. Ke2 b3 31. axb3 cxb3 32. Kd1 Kd7 33. h4 Ke7 34. g4 Kf7 35. h5 Kg7 36. g5 a5 37. h6+ Kh7 38. Kc1 a4 39. Kb2 1/2-1/2

[Event "Arvier op"]
[White "Brun, Dario"]
[Black "Cattaneo, Roger"]
[Site "Arvier"]
[Round "4"]
[Result "1-0"]
[Date "2010.07.05"]
[WhiteElo "2264"]
[BlackElo "1581"]
[PlyCount "50"]
[EventDate "2010.07.03"]
[EventType "swiss"]
[EventRounds "9"]
[EventCountry "ITA"]
[SourceTitle "CBM 137 Extra"]
[Source "ChessBase"]
[SourceDate "2010.09.01"]
[SourceVersion "1"]
[SourceVersionDate "2010.09.01"]
[SourceQuality "1"]

1. d4 d5 2. Nf3 Nf6 3. e3 e6 4. Bd3 Nbd7 5. 0-0 c5 6. b3 Bd6 7. Bb2 0-0 8. Nbd2 b6 9. Ne5 Qc7 10. f4 Ne8 11. Qh5 f5 12. Rf3 Ndf6 13. Qh4 Bxe5 14. fxe5 Ne4 15. Nxe4 dxe4 16. Bxe4 fxe4 17. Rxf8+ Kxf8 18. Qxh7 Ke7 19. Rf1 Kd8 20. Qxe4 Bb7 21. Qg6 Qd7 22. c4 a5 23. Rf7 Qc6 24. d5 exd5 25. e6 Bc8 1-0

[Event "Arvier op"]
[White "Petkov, Vladimir"]
[Black "Brun, Dario"]
[Site "Arvier"]
[Round "3"]
[Result "1-0"]
[Date "2010.07.05"]
[WhiteElo "2484"]
[BlackElo "2264"]
[PlyCount "51"]
[EventDate "2010.07.03"]
[EventType "swiss"]
[EventRounds "9"]
[EventCountry "ITA"]
[SourceTitle "CBM 137 Extra"]
[Source "ChessBase"]
[SourceDate "2010.09.01"]
[SourceVersion "1"]
[SourceVersionDate "2010.09.01"]
[SourceQuality "1"]

1. Nf3 d5 2. d4 Nf6 3. c4 c6 4. Nc3 e6 5. e3 Nbd7 6. Qc2 Bd6 7. Bd3 0-0 8. 0-0 dxc4 9. Bxc4 b5 10. Bd3 Bb7 11. Rd1 Qe7 12. e4 e5 13. Bg5 Rfd8 14. a3 a5 15. h3 Rac8 16. dxe5 Nxe5 17. Nd4 g6 18. Bf1 h6 19. Bh4 Bc5 20. Nce2 Nc4 21. e5 Qxe5 22. Nf3 Qe7 23. Ng3 Rxd1 24. Rxd1 Bd6 25. Bxc4 bxc4 26. Bxf6 1-0

[Event "Liguria Region-ch"]
[White "Stoppa, Omar"]
[Black "Brun, Dario"]
[Site "Savona"]
[Round "4"]
[Result "1-0"]
[Date "2009.05.03"]
[WhiteElo "2252"]
[BlackElo "2273"]
[PlyCount "59"]
[EventDate "2009.05.01"]
[EventType "swiss"]
[EventRounds "5"]
[EventCountry "ITA"]
[SourceTitle "EXT 2012"]
[Source "ChessBase"]
[SourceDate "2011.11.24"]
[SourceVersion "1"]
[SourceVersionDate "2011.11.24"]
[SourceQuality "1"]

1. e4 e6 2. d4 d5 3. Nd2 Nf6 4. e5 Nfd7 5. Bd3 c5 6. c3 Nc6 7. Ne2 cxd4 8. cxd4 f6 9. f4 fxe5 10. fxe5 Nxd4 11. 0-0 Qb6 12. Kh1 Nxe5 13. Nb3 Nxb3 14. axb3 Be7 15. Ng3 Nxd3 16. Qxd3 Bd7 17. Be3 Qb4 18. Rf4 Qb5 19. Qd4 Bf6 20. Rxf6 gxf6 21. Nh5 0-0-0 22. Nxf6 Rhf8 23. Rxa7 b6 24. Qe5 Qf1+ 25. Bg1 Qc1 26. Nxd7 Rxd7 27. Ra8+ Kb7 28. Rxf8 Qc6 29. Rb8+ Ka6 30. Rxb6+ 1-0

[Event "Recco op 2nd"]
[White "Manfredi, Vincenzo"]
[Black "Brun, Dario"]
[Site "Recco"]
[Round "5"]
[Result "1/2-1/2"]
[Date "2008.11.30"]
[WhiteElo "2206"]
[BlackElo "2269"]
[PlyCount "49"]
[EventDate "2008.11.28"]
[EventType "swiss"]
[EventRounds "5"]
[EventCountry "ITA"]
[SourceTitle "EXT 2011"]
[Source "ChessBase"]
[SourceDate "2010.11.26"]
[SourceVersion "1"]
[SourceVersionDate "2010.11.26"]
[SourceQuality "1"]

1. d4 d5 2. c4 e6 3. Nc3 c6 4. cxd5 exd5 5. Bf4 Nf6 6. e3 Bf5 7. Bd3 Bxd3 8. Qxd3 Bd6 9. Bxd6 Qxd6 10. Nge2 0-0 11. 0-0 Re8 12. Ng3 Nbd7 13. Rae1 Rad8 14. f3 Nf8 15. Kh1 Ng6 16. Nf5 Qd7 17. g4 h6 18. Rg1 Ne7 19. Ng3 Nh7 20. Qd2 f5 21. Nxf5 Nxf5 22. gxf5 Qxf5 23. Rg3 Ng5 24. Qg2 Qf7 25. h4 1/2-1/2

[Event "Recco op 2nd"]
[White "Brun, Dario"]
[Black "Caputi, Giuliano"]
[Site "Recco"]
[Round "2"]
[Result "1-0"]
[Date "2008.11.29"]
[WhiteElo "2269"]
[BlackElo "1963"]
[PlyCount "67"]
[EventDate "2008.11.28"]
[EventType "swiss"]
[EventRounds "5"]
[EventCountry "ITA"]
[SourceTitle "EXT 2011"]
[Source "ChessBase"]
[SourceDate "2010.11.26"]
[SourceVersion "1"]
[SourceVersionDate "2010.11.26"]
[SourceQuality "1"]

1. d4 Nf6 2. c4 e6 3. Nc3 Bb4 4. Qc2 d5 5. a3 Bxc3+ 6. Qxc3 0-0 7. Bg5 dxc4 8. Qxc4 Qd5 9. Qxd5 Nxd5 10. e4 h6 11. Bd2 Nf6 12. f3 Nbd7 13. Rc1 c6 14. Ne2 e5 15. Bc3 Re8 16. b4 Nh7 17. Kf2 Nhf8 18. g3 g6 19. Rd1 exd4 20. Nxd4 Nb6 21. Be2 Bd7 22. Rhe1 Rad8 23. Nb3 Bc8 24. Bf6 Rxd1 25. Rxd1 Nfd7 26. Bd4 f6 27. Nc5 Kf7 28. Nxd7 Nxd7 29. Bxa7 b5 30. Rd6 Re6 31. Rxe6 Kxe6 32. f4 g5 33. Ke3 Nf8 34. Bg4+ 1-0

[Event "Recco op 2nd"]
[White "Valentini, Cesare"]
[Black "Brun, Dario"]
[Site "Recco"]
[Round "1"]
[Result "0-1"]
[Date "2008.11.28"]
[WhiteElo "1842"]
[BlackElo "2269"]
[PlyCount "82"]
[EventDate "2008.11.28"]
[EventType "swiss"]
[EventRounds "5"]
[EventCountry "ITA"]
[SourceTitle "EXT 2011"]
[Source "ChessBase"]
[SourceDate "2010.11.26"]
[SourceVersion "1"]
[SourceVersionDate "2010.11.26"]
[SourceQuality "1"]

1. d4 d5 2. Nf3 Nf6 3. Bf4 c5 4. e3 Nc6 5. c3 Qb6 6. Qc2 cxd4 7. exd4 Bf5 8. Qb3 Nd7 9. Nbd2 e6 10. Be2 Be7 11. 0-0 0-0 12. Qxb6 Nxb6 13. Rfe1 Na4 14. Ne5 Nxe5 15. Bxe5 Nxb2 16. Bf1 Rfc8 17. Re3 Na4 18. Bb5 Nxc3 19. Bd7 Rd8 20. Bxe6 Bxe6 21. Rxc3 Bb4 22. Rg3 Bxd2 23. Rxg7+ Kf8 24. Rxh7 Ke7 25. h4 Bf5 26. Rg7 Bg6 27. f4 Rdc8 28. Rf1 Be4 29. f5 Bh6 30. f6+ Ke6 31. Rg3 Rc2 32. Rf2 Rac8 33. a3 R2c3 34. Rxc3 Rxc3 35. Ra2 Rc2 36. Rxc2 Bxc2 37. g4 Bc1 38. Kg2 Bxa3 39. g5 Bd6 40. Bxd6 Kxd6 41. Kg3 a5 0-1

[Event "Bratto op-A 28th"]
[White "Pesce, Gabriele"]
[Black "Brun, Dario"]
[Site "Bratto"]
[Round "6"]
[Result "1/2-1/2"]
[Date "2008.08.27"]
[WhiteElo "2102"]
[BlackElo "2245"]
[PlyCount "116"]
[EventDate "2008.08.22"]
[EventType "swiss"]
[EventRounds "9"]
[EventCountry "ITA"]
[SourceTitle "CBM 126 Extra"]
[Source "ChessBase"]
[SourceDate "2008.11.05"]
[SourceVersion "1"]
[SourceVersionDate "2008.11.05"]
[SourceQuality "1"]

1. e4 e5 2. Bc4 Nf6 3. d3 Nc6 4. Nf3 Bc5 5. 0-0 0-0 6. c3 a6 7. Be3 Bxe3 8. fxe3 d5 9. exd5 Nxd5 10. Qe2 Bg4 11. a4 Nf6 12. e4 Nh5 13. Qe3 Bxf3 14. Rxf3 Qe7 15. Nd2 Nf4 16. g3 Nh3+ 17. Kg2 Ng5 18. Rf5 Ne6 19. b4 g6 20. Rf2 Kg7 21. Raf1 f6 22. a5 Na7 23. Nf3 Nb5 24. d4 exd4 25. cxd4 Rae8 26. h4 Qxb4 27. Bxe6 Rxe6 28. e5 f5 29. Ng5 Ree8 30. d5 Qc4 31. Ne6+ Rxe6 32. dxe6 Qxe6 33. h5 Re8 34. Rd1 Nd6 35. hxg6 hxg6 36. Rc2 Re7 37. Qc5 Ne4 38. Qd5 Qxe5 39. Qxe5+ Rxe5 40. Rxc7+ Kf6 41. Rxb7 Rxa5 42. Rb3 Ra2+ 43. Kg1 Kg5 44. Rdb1 Kg4 45. R1b2 Rxb2 46. Rxb2 Nxg3 47. Rg2 f4 48. Kf2 g5 49. Rg1 Kf5 50. Ra1 g4 51. Ra5+ Kg6 52. Rxa6+ Kg5 53. Ra5+ Kh4 54. Re5 f3 55. Re3 Nh1+ 56. Kg1 Ng3 57. Kf2 Nf5 58. Rxf3 gxf3 1/2-1/2

[Event "Bratto op-A 28th"]
[White "De Filomeno, Simone"]
[Black "Brun, Dario"]
[Site "Bratto"]
[Round "4"]
[Result "1/2-1/2"]
[Date "2008.08.25"]
[WhiteElo "2102"]
[BlackElo "2245"]
[PlyCount "95"]
[EventDate "2008.08.22"]
[EventType "swiss"]
[EventRounds "9"]
[EventCountry "ITA"]
[SourceTitle "CBM 126 Extra"]
[Source "ChessBase"]
[SourceDate "2008.11.05"]
[SourceVersion "1"]
[SourceVersionDate "2008.11.05"]
[SourceQuality "1"]

1. e4 e5 2. Nf3 Nc6 3. Bb5 a6 4. Ba4 Nf6 5. d3 b5 6. Bb3 Be7 7. c3 d6 8. Nbd2 0-0 9. Nf1 Na5 10. Bc2 c5 11. Ng3 Re8 12. 0-0 Bf8 13. h3 h6 14. Re1 Nc6 15. a4 b4 16. d4 cxd4 17. cxd4 Qc7 18. Be3 Bd7 19. Rc1 Rec8 20. Bb3 Qb8 21. Re2 Na5 22. Rxc8 Bxc8 23. dxe5 dxe5 24. Bd5 Bb7 25. b3 Qd8 26. Rd2 Bxd5 27. exd5 e4 28. Ne5 Bd6 29. Nc6 Qc7 30. Nxa5 Bxg3 31. Nc4 Bh2+ 32. Kf1 Bd6 33. Nb6 Rd8 34. Rc2 Qb7 35. Rc6 Bc7 36. Rxf6 gxf6 37. Bxh6 f5 38. Qd4 f6 39. Qxf6 Bxb6 40. Qg6+ Kh8 41. Bg5 Rf8 42. Bf6+ Rxf6 43. Qxf6+ Kg8 44. Qxf5 Qf7 45. Qg4+ Kf8 46. Qc8+ Kg7 47. Qg4+ Kf8 48. Qc8+ 1/2-1/2